000 00847nam a22002297a 4500
999 _c64526
_d64526
005 20240530110736.0
008 180716s1985 le g b 000 0 ara d
040 _aEG-CaGPL
_cEG-CaGPL
082 0 4 _221
_a210.4 /
_bت م
100 0 _aتغاريد بيضون
245 1 0 _aالمرأة والحياة الاجتماعية فى الاسلام /
_cتغاريد بيضون
260 _aبيروت :
_bدار النهضة العربية،
_c1985.
300 _a190 ص. ؛
_c19سم.
504 _aيشتمل على ارجاعات ببليوجرافية
650 0 7 _2qrmak
_aالمرأة فى الاسلام
650 0 7 _2qrmak
_aالاسلام و المرأة
650 0 7 _2qrmak
_aحقوق المرأة
650 0 7 _2qrmak
_aالثقافة الاسلامية
651 _2qrmak
942 _2ddc
_cBK